[Event "AUT-chT2O 0708"]
[Site "Austria"]
[Date "2008.01.26"]
[Round "6.2"]
[White "Chytilek, Roman"]
[Black "Wirius, Stefan"]
[Result "1-0"]
[WhiteElo "2384"]
[BlackElo "2281"]
[PlyCount "125"]
[EventDate "2007.10.20"]
[EventType "team"]
[EventRounds "11"]
[EventCountry "AUT"]
[SourceTitle "EXT 2009"]
[Source "ChessBase"]
[SourceDate "2008.11.26"]
[SourceVersion "1"]
[SourceVersionDate "2008.11.26"]
[SourceQuality "1"]
[WhiteTeam "Stockerau"]
[BlackTeam "Wieden"]
[WhiteTeamCountry "AUT"]
[BlackTeamCountry "AUT"]

1. d4 d5 2. c4 e6 3. Nc3 Nf6 4. cxd5 exd5 5. Bg5 Be7 6. e3 c6 7. Bd3 Nbd7 8. Qc2 0-0 9. Nge2 Re8 10. 0-0 Nf8 11. f3 Ng6 12. e4 dxe4 13. fxe4 c5 14. Bxf6 Bxf6 15. Nd5 cxd4 16. Nc7 Be6 17. Nxa8 Qxa8 18. Rxf6 gxf6 19. Nxd4 Ne5 20. Be2 Qd8 21. Qc5 Qb6 22. Qxb6 axb6 23. Nxe6 fxe6 24. Rc1 Rd8 25. Rc2 Kf7 26. Kf2 Ke7 27. Ke3 Kd6 28. Rc3 Rg8 29. Kf2 Nc6 30. Rd3+ Ke5 31. Rd7 Rd8 32. Rxd8 Nxd8 33. Ke3 Nc6 34. Bb5 Nd4 35. Bd7 Nc2+ 36. Kd2 Nb4 37. a3 Na6 38. b4 Nc7 39. a4 Kxe4 40. Kc3 Kd5 41. Bc8 Kc6 42. Kc4 e5 43. Bf5 Kd6 44. Bxh7 b5+ 45. axb5 b6 46. Be4 Ke6 47. g4 Kf7 48. h4 Kg7 49. Bc6 Kg6 50. Bd7 Kf7 51. h5 Kg7 52. Bc6 Kh6 53. Kd3 Kg5 54. Ke4 Ne6 55. Kd5 Nd4 56. Kd6 e4 57. Bxe4 Nxb5+ 58. Kc6 Nc3 59. Bd3 b5 60. Bxb5 Na2 61. Kc5 Nxb4 62. Kxb4 f5 63. h6 1-0

[Event "AUT-chT2O 0001"]
[Site "Austria"]
[Date "2001.??.??"]
[Round "9"]
[White "Vlcek, Stanislav"]
[Black "Wirius, Stefan"]
[Result "1-0"]
[WhiteElo "2325"]
[BlackElo "2325"]
[PlyCount "59"]
[EventDate "2000.??.??"]
[EventType "team"]
[EventRounds "11"]
[EventCountry "AUT"]
[SourceTitle "EXT 2003"]
[Source "ChessBase"]
[SourceDate "2002.11.25"]
[SourceVersion "1"]
[SourceVersionDate "2002.11.25"]
[SourceQuality "1"]

1. e4 c5 2. Nf3 d6 3. d4 cxd4 4. Nxd4 Nf6 5. Nc3 Nc6 6. Bg5 e6 7. Qd2 a6 8. 0-0-0 Bd7 9. f4 h6 10. Bh4 g5 11. fxg5 Ng4 12. Nf3 hxg5 13. Bg3 Be7 14. Be2 Nge5 15. Rhf1 Rc8 16. Kb1 f6 17. h4 gxh4 18. Rh1 Rg8 19. Nxe5 dxe5 20. Bxh4 Kf8 21. Qh6+ Rg7 22. Qh8+ Rg8 23. Qh6+ Rg7 24. Bh5 f5 25. Qh8+ Rg8 26. Qh6+ Rg7 27. Bxe7+ Nxe7 28. Qf6+ Kg8 29. Bf7+ Kf8 30. Bxe6+ 1-0

[Event "AUT-chT2O 0001"]
[Site "Austria"]
[Date "2001.??.??"]
[Round "8"]
[White "Wirius, Stefan"]
[Black "Balinov, Ilia"]
[Result "0-1"]
[WhiteElo "2325"]
[BlackElo "2450"]
[PlyCount "46"]
[EventDate "2000.??.??"]
[EventType "team"]
[EventRounds "11"]
[EventCountry "AUT"]
[SourceTitle "EXT 2003"]
[Source "ChessBase"]
[SourceDate "2002.11.25"]
[SourceVersion "1"]
[SourceVersionDate "2002.11.25"]
[SourceQuality "1"]

1. d4 Nf6 2. Nf3 c5 3. e3 g6 4. Be2 Bg7 5. 0-0 0-0 6. c3 b6 7. a4 Bb7 8. Nbd2 Qc7 9. Nc4 d5 10. Ncd2 Nbd7 11. b4 e5 12. bxc5 bxc5 13. dxe5 Ne4 14. Qc2 Nxe5 15. Nxe4 dxe4 16. Ng5 Qc6 17. Bb5 Qf6 18. Nxe4 Nf3+ 19. Kh1 Qf5 20. Bd3 c4 21. Ng3 Qxd3 22. Qxd3 cxd3 23. gxf3 Bxf3+ 0-1

[Event "AUT-chT2M 9900"]
[Site "Austria"]
[Date "2000.01.15"]
[Round "6.1"]
[White "Wirius, Stefan"]
[Black "Farago, Ivan"]
[Result "0-1"]
[WhiteElo "2303"]
[BlackElo "2515"]
[PlyCount "50"]
[EventDate "1999.??.??"]
[EventType "team"]
[EventRounds "11"]
[EventCountry "AUT"]
[SourceTitle "EXT 2004"]
[Source "ChessBase"]
[SourceDate "2003.11.25"]
[SourceVersion "1"]
[SourceVersionDate "2003.11.25"]
[SourceQuality "1"]

1. d4 Nf6 2. Nf3 e6 3. g3 c5 4. Bg2 Nc6 5. 0-0 Qb6 6. dxc5 Bxc5 7. c4 Ne4 8. e3 0-0 9. Nbd2 Nf6 10. Nb3 Be7 11. Qe2 d6 12. e4 Bd7 13. Rd1 Rfd8 14. Be3 Qa6 15. Nfd4 Rac8 16. Nd2 Ne5 17. b3 Neg4 18. Bf4 e5 19. Nf5 Bxf5 20. exf5 exf4 21. Qxe7 Nxf2 22. Kxf2 Qb6+ 23. Kf1 Ng4 24. c5 Qxc5 25. Ne4 Nxh2+ 0-1

[Event "AUT-chT2O 0001"]
[Site "Austria"]
[Date "2000.??.??"]
[Round "4"]
[White "Wirius, Stefan"]
[Black "Sommerbauer, Norbert"]
[Result "1/2-1/2"]
[WhiteElo "2325"]
[BlackElo "2390"]
[PlyCount "30"]
[EventDate "2000.??.??"]
[EventType "team"]
[EventRounds "11"]
[EventCountry "AUT"]
[SourceTitle "EXT 2003"]
[Source "ChessBase"]
[SourceDate "2002.11.25"]
[SourceVersion "1"]
[SourceVersionDate "2002.11.25"]
[SourceQuality "1"]

1. d4 d5 2. Nf3 e6 3. c4 dxc4 4. e3 b5 5. a4 c6 6. b3 b4 7. Bxc4 Nf6 8. 0-0 Be7 9. Qe2 0-0 10. e4 Bb7 11. e5 Nd5 12. Qe4 Nd7 13. h4 c5 14. Bd3 g6 15. h5 cxd4 1/2-1/2

[Event "AUT-chT2M 9900"]
[Site "Austria"]
[Date "1999.10.23"]
[Round "2.1"]
[White "Beikert, Guenther"]
[Black "Wirius, Stefan"]
[Result "1-0"]
[WhiteElo "2495"]
[BlackElo "2265"]
[PlyCount "111"]
[EventDate "1999.??.??"]
[EventType "team"]
[EventRounds "11"]
[EventCountry "AUT"]
[SourceTitle "EXT 2004"]
[Source "ChessBase"]
[SourceDate "2003.11.25"]
[SourceVersion "1"]
[SourceVersionDate "2003.11.25"]
[SourceQuality "1"]

1. e4 c5 2. Nf3 d6 3. Bc4 e6 4. 0-0 Nf6 5. Re1 Be7 6. c3 0-0 7. Bb3 Nc6 8. d4 cxd4 9. cxd4 d5 10. e5 Ne4 11. Nbd2 Nxd2 12. Bxd2 Na5 13. Bc2 Nc4 14. Bc1 Bd7 15. a4 g6 16. b3 Na5 17. Bh6 Re8 18. Qd2 Rc8 19. Bd1 Nc6 20. Qf4 f5 21. exf6 Bxf6 22. Ne5 Nxe5 23. dxe5 Be7 24. Re3 Qa5 25. h4 Qb4 26. h5 Qxf4 27. Bxf4 g5 28. Bxg5 Bxg5 29. Rg3 h6 30. f4 Kh7 31. fxg5 hxg5 32. Rxg5 Rf8 33. Bg4 Rg8 34. Rxg8 Rxg8 35. Bf3 Rg5 36. Re1 Be8 37. Kf2 Bxh5 38. g4 Be8 39. Kg3 Rg7 40. Rc1 Bc6 41. a5 Bb5 42. Rc5 a6 43. Rc8 Kg6 44. Bd1 Kg5 45. b4 Bd3 46. Re8 Rc7 47. Rxe6 Rc3 48. Bf3 Be4 49. Rf6 d4 50. Rf4 Bc6 51. Rf5+ Kg6 52. Kf2 Rc2+ 53. Ke1 Bb5 54. e6 d3 55. e7 Rc7 56. Re5 1-0

[Event "AUT-chT2M 9899"]
[Site "Austria"]
[Date "1999.03.14"]
[Round "11"]
[White "Wegener, Dirk"]
[Black "Wirius, Stefan"]
[Result "0-1"]
[WhiteElo "2305"]
[BlackElo "2285"]
[PlyCount "84"]
[EventDate "1998.11.??"]
[EventType "team-swiss"]
[EventRounds "11"]
[EventCountry "AUT"]
[SourceTitle "EXT 2000"]
[Source "ChessBase"]
[SourceDate "1999.11.16"]
[SourceVersion "1"]
[SourceVersionDate "1999.11.16"]
[SourceQuality "1"]

1. e4 c5 2. Nf3 d6 3. d4 cxd4 4. Nxd4 Nf6 5. Nc3 Nc6 6. Bg5 e6 7. Qd2 a6 8. 0-0-0 Bd7 9. f4 h6 10. Bh4 g5 11. fxg5 Ng4 12. Be2 Nge5 13. Nf3 Be7 14. Bg3 hxg5 15. Rhf1 b5 16. a3 Rb8 17. Kb1 Rb7 18. Nxe5 Nxe5 19. Nd5 exd5 20. Bxe5 dxe5 21. Qxd5 Qb6 22. Qxf7+ Kd8 23. Qg7 Rh6 24. Rf7 Re6 25. Bg4 b4 26. Bxe6 Qxe6 27. axb4 Rxb4 28. Rf3 Kc7 29. Qf7 Qxf7 30. Rxf7 Kd8 31. Rg7 Rd4 32. Rxd4 exd4 33. Rg6 Bb5 34. e5 Ke8 35. e6 Kf8 36. Kc1 Bc6 37. h4 Be4 38. Rxg5 Bxg5+ 39. hxg5 Ke7 40. Kd2 Kxe6 41. c3 d3 42. Ke3 Bg6 0-1

[Event "AUT-chT2O 9596"]
[Site "Austria"]
[Date "1996.??.??"]
[Round "8"]
[White "Todor, Razvan"]
[Black "Wirius, Stefan"]
[Result "1-0"]
[WhiteElo "2115"]
[BlackElo "2270"]
[PlyCount "55"]
[EventDate "1995.??.??"]
[EventType "team"]
[EventRounds "11"]
[EventCountry "AUT"]
[SourceTitle "EXT 1999"]
[Source "ChessBase"]
[SourceDate "1998.11.16"]
[SourceVersion "1"]
[SourceVersionDate "1998.11.16"]
[SourceQuality "1"]

1. e4 c5 2. c3 d5 3. exd5 Qxd5 4. d4 Nc6 5. Nf3 Nf6 6. Be2 cxd4 7. cxd4 e6 8. 0-0 Be7 9. Nc3 Qd6 10. Nb5 Qd8 11. Bf4 Nd5 12. Bg3 a6 13. Nc3 0-0 14. Qb3 Nxc3 15. bxc3 b5 16. Rfd1 Na5 17. Qb1 Ba3 18. Bd3 f5 19. Re1 Qd5 20. Re5 Qd7 21. Ng5 Qc6 22. Qe1 Bb2 23. Rc5 Qd7 24. Rc7 Qd5 25. Be5 Bd7 26. Qe2 Bxa1 27. Qh5 h6 28. Qg6 1-0

[Event "AUT-chT2O 9596"]
[Site "Austria"]
[Date "1995.??.??"]
[Round "5"]
[White "Denk, Adolf"]
[Black "Wirius, Stefan"]
[Result "0-1"]
[WhiteElo "2265"]
[BlackElo "2270"]
[PlyCount "110"]
[EventDate "1995.??.??"]
[EventType "team"]
[EventRounds "11"]
[EventCountry "AUT"]
[SourceTitle "EXT 1999"]
[Source "ChessBase"]
[SourceDate "1998.11.16"]
[SourceVersion "1"]
[SourceVersionDate "1998.11.16"]
[SourceQuality "1"]

1. d4 Nf6 2. Nf3 g6 3. g3 Bg7 4. Bg2 0-0 5. 0-0 d6 6. b3 Nbd7 7. Bb2 e5 8. c4 e4 9. Ng5 e3 10. f4 h6 11. Nf3 Ng4 12. h3 Nf2 13. Qc1 Nf6 14. Kh2 Qd7 15. Ne5 dxe5 16. fxe5 N6g4+ 17. hxg4 Qxg4 18. Nc3 Qh5+ 19. Kg1 Ng4 20. Rf3 f6 21. Nd5 fxe5 22. Rxf8+ Bxf8 23. Nxe3 Qh2+ 24. Kf1 Qxg3 25. Nxg4 Bxg4 26. Qe1 Qh2 27. Qf2 Bh3 28. Bxh3 Qh1+ 29. Qg1 Qxh3+ 30. Ke1 Qf5 31. Qe3 Rd8 32. Rd1 exd4 33. Rxd4 Bb4+ 34. Bc3 Bxc3+ 35. Qxc3 Qb1+ 36. Kf2 Rf8+ 37. Kg3 Qg1+ 38. Kh3 Re8 39. e4 Qf1+ 40. Kg3 Rf8 41. Qe3 g5 42. e5 c5 43. Rd2 Rf4 44. e6 h5 45. Rd8+ Kh7 46. Qd3+ Qxd3+ 47. Rxd3 h4+ 48. Kh3 Re4 49. Rd7+ Kg6 50. Rxb7 Rxe6 51. Rxa7 Re3+ 52. Kh2 g4 53. Rc7 Re2+ 54. Kg1 g3 55. Rc6+ Kf5 0-1

[Event "AUT-chT2O 9596"]
[Site "Austria"]
[Date "1995.??.??"]
[Round "6"]
[White "Wirius, Stefan"]
[Black "Mayr, Klaus"]
[Result "1/2-1/2"]
[WhiteElo "2270"]
[BlackElo "2295"]
[PlyCount "80"]
[EventDate "1995.??.??"]
[EventType "team"]
[EventRounds "11"]
[EventCountry "AUT"]
[SourceTitle "EXT 1999"]
[Source "ChessBase"]
[SourceDate "1998.11.16"]
[SourceVersion "1"]
[SourceVersionDate "1998.11.16"]
[SourceQuality "1"]

1. e4 c5 2. Nc3 Nc6 3. f4 g6 4. Nf3 Bg7 5. Bc4 e6 6. 0-0 Nge7 7. d3 d5 8. Bb3 0-0 9. a3 a6 10. Ne2 b5 11. c3 dxe4 12. dxe4 Bb7 13. Qe1 Na5 14. Bc2 f5 15. Ng3 h6 16. h4 h5 17. Ng5 Qd6 18. Rf2 Bh6 19. Re2 Bxg5 20. fxg5 Rae8 21. exf5 exf5 22. Re6 Qd5 23. Qe2 Kf7 24. Re5 Qc6 25. Qf2 Nd5 26. Rxe8 Rxe8 27. Bd2 Ne7 28. Ne4 Nc4 29. Nf6 Rd8 30. Bf4 Nd5 31. Nxd5 Rxd5 32. Bb3 Rd8 33. Re1 Re8 34. Rxe8 Kxe8 35. Qe2+ Kf7 36. Bxc4+ bxc4 37. Qxc4+ Ke8 38. Qe2+ Qe4 39. Qxe4+ Bxe4 40. Kf2 Kd7 1/2-1/2

[Event "AUT-chT2O 9495"]
[Site "Austria"]
[Date "1995.??.??"]
[Round "?"]
[White "Wirius, Stefan"]
[Black "Raubal, Martin"]
[Result "1-0"]
[WhiteElo "2250"]
[BlackElo "2205"]
[PlyCount "102"]
[EventDate "1994.??.??"]
[EventType "team"]
[EventRounds "11"]
[EventCountry "AUT"]
[SourceTitle "EXT 1999"]
[Source "ChessBase"]
[SourceDate "1998.11.16"]
[SourceVersion "1"]
[SourceVersionDate "1998.11.16"]
[SourceQuality "1"]

1. Nf3 g6 2. c4 Bg7 3. Nc3 d6 4. d4 Nf6 5. e4 0-0 6. h3 e5 7. d5 Nbd7 8. Be3 Nc5 9. Nd2 a5 10. a3 Nh5 11. b4 axb4 12. axb4 Rxa1 13. Qxa1 Na6 14. Qa3 f5 15. g4 fxg4 16. hxg4 Bxg4 17. c5 Qf6 18. Rh2 Nb8 19. Qa7 dxc5 20. bxc5 b6 21. c6 Nxc6 22. dxc6 Qxc6 23. Qa2+ Kh8 24. Qc4 Qa8 25. Qa4 Qxa4 26. Nxa4 Nf4 27. Bc4 Rd8 28. Nb2 Ra8 29. f3 Bd7 30. Nb3 Ra2 31. Rd2 h5 32. Nc1 Ra1 33. Rxd7 Ng2+ 34. Kf2 Nxe3 35. Ncd3 Nd1+ 36. Nxd1 Rxd1 37. Rxc7 h4 38. Kg2 Rb1 39. Bf7 Rd1 40. Rd7 g5 41. Rd8+ Kh7 42. Bg8+ Kh6 43. Rd6+ Bf6 44. Rxf6+ Kg7 45. Rf7+ Kxg8 46. Nxe5 g4 47. fxg4 Re1 48. Rf5 Rxe4 49. Kh3 b5 50. Nd7 Re3+ 51. Kxh4 b4 1-0

[Event "Loosdorf op"]
[Site "Loosdorf"]
[Date "1993.??.??"]
[Round "2"]
[White "Golubev, Mikhail"]
[Black "Wirius, Stefan"]
[Result "1-0"]
[WhiteElo "2500"]
[BlackElo "2240"]
[PlyCount "83"]
[EventDate "1993.07.??"]
[EventType "swiss"]
[EventRounds "9"]
[EventCountry "AUT"]
[SourceTitle "EXT 2002"]
[Source "ChessBase"]
[SourceDate "2001.11.25"]
[SourceVersion "1"]
[SourceVersionDate "2001.11.25"]
[SourceQuality "1"]

1. e4 c5 2. Nf3 d6 3. d4 cxd4 4. Nxd4 Nf6 5. Nc3 Nc6 6. Bc4 e6 7. Bb3 Be7 8. Be3 0-0 9. Qe2 a6 10. 0-0-0 Qe8 11. Rhg1 Nd7 12. g4 Nc5 13. g5 b5 14. Nxc6 Nxb3+ 15. axb3 Qxc6 16. Bd4 b4 17. Qh5 Bd7 18. Rg4 bxc3 19. Rh4 Bxg5+ 20. Qxg5 f6 21. Qh5 e5 22. Bxc3 Be6 23. Qxh7+ Kf7 24. Rh6 Ke7 25. Rg6 Rf7 26. Rxg7 a5 27. f4 Rxg7 28. Qxg7+ Bf7 29. fxe5 dxe5 30. Qg1 Qb5 31. Qf2 Ra6 32. Qd2 Qb6 33. Qd7+ Kf8 34. Bd2 Qe6 35. Qd8+ Qe8 36. Bh6+ Kg8 37. Rg1+ Kh7 38. Qd3 Rc6 39. Bd2 Bh5 40. Qe3 Qf8 41. Rg3 f5 42. Rh3 1-0

[Event "Loosdorf op"]
[Site "Loosdorf"]
[Date "1993.??.??"]
[Round "9"]
[White "Sinkovics, Peter"]
[Black "Wirius, Stefan"]
[Result "1-0"]
[WhiteElo "2325"]
[BlackElo "2240"]
[PlyCount "73"]
[EventDate "1993.07.??"]
[EventType "swiss"]
[EventRounds "9"]
[EventCountry "AUT"]
[SourceTitle "EXT 2002"]
[Source "ChessBase"]
[SourceDate "2001.11.25"]
[SourceVersion "1"]
[SourceVersionDate "2001.11.25"]
[SourceQuality "1"]

1. d4 Nf6 2. c4 g6 3. Nc3 Bg7 4. e4 d6 5. Nf3 0-0 6. Be2 Nbd7 7. 0-0 e5 8. Be3 c6 9. Qc2 Qe7 10. Rad1 exd4 11. Bxd4 Re8 12. Nd2 Nc5 13. Rfe1 Bh6 14. f3 Ne6 15. Bf2 Nh5 16. Bf1 Nef4 17. Nb3 Bg7 18. Nd4 Qg5 19. Kh1 Qe7 20. Qd2 Bh6 21. Be3 Qh4 22. Kg1 Re5 23. Qf2 Nh3+ 24. gxh3 Bxe3 25. Qxe3 Rg5+ 26. Kh1 Bxh3 27. Nde2 Be6 28. b3 Rf8 29. f4 Rg4 30. Bg2 Nxf4 31. Nxf4 Rxf4 32. Rxd6 Re8 33. Qg3 Qxg3 34. hxg3 Rf2 35. Re2 Rxe2 36. Nxe2 f5 37. Nd4 1-0

[Event "Loosdorf op"]
[Site "Loosdorf"]
[Date "1993.??.??"]
[Round "5"]
[White "Wirius, Stefan"]
[Black "Robovic, Saudin"]
[Result "0-1"]
[WhiteElo "2240"]
[BlackElo "2360"]
[PlyCount "58"]
[EventDate "1993.07.??"]
[EventType "swiss"]
[EventRounds "9"]
[EventCountry "AUT"]
[SourceTitle "EXT 2002"]
[Source "ChessBase"]
[SourceDate "2001.11.25"]
[SourceVersion "1"]
[SourceVersionDate "2001.11.25"]
[SourceQuality "1"]

1. d4 Nf6 2. Nf3 g6 3. c4 Bg7 4. Nc3 d6 5. e4 0-0 6. h3 c6 7. Be3 a6 8. a4 a5 9. Be2 Na6 10. 0-0 Nb4 11. Nd2 Nd7 12. f4 e5 13. fxe5 dxe5 14. d5 f5 15. exf5 gxf5 16. d6 Kh8 17. g4 Nf6 18. gxf5 Qxd6 19. Nde4 Qxd1 20. Raxd1 Nxe4 21. Nxe4 Bxf5 22. Nd6 Bxh3 23. Rxf8+ Bxf8 24. Nxb7 Nc2 25. Bd2 Nd4 26. Bh5 Rb8 27. Nxa5 Rxb2 28. Bc3 Rg2+ 29. Kh1 Rg5 0-1

[Event "AUT-chT"]
[Site "Austria"]
[Date "1992.??.??"]
[Round "?"]
[White "Felsberger, Alfred"]
[Black "Wirius, Stefan"]
[Result "1-0"]
[WhiteElo "2315"]
[BlackElo "2250"]
[PlyCount "54"]
[EventDate "1992.??.??"]
[EventType "team"]
[EventRounds "11"]
[EventCountry "AUT"]
[SourceTitle "EXT 1997"]
[Source "ChessBase"]
[SourceDate "1996.11.15"]
[SourceVersion "1"]
[SourceVersionDate "1996.11.15"]
[SourceQuality "1"]

1. e4 c5 2. Nf3 d6 3. d4 cxd4 4. Nxd4 Nf6 5. Nc3 Nc6 6. Bc4 e6 7. Bb3 Be7 8. 0-0 0-0 9. Kh1 Na5 10. f4 b6 11. e5 Ne8 12. Be3 Bb7 13. Qg4 Nxb3 14. axb3 Qb8 15. Qg3 a6 16. Rae1 b5 17. Bg1 Qd8 18. Re2 g6 19. Ne4 Bxe4 20. Rxe4 Ng7 21. b4 Qc7 22. c3 Nf5 23. Nxf5 exf5 24. Re2 Rfe8 25. Rfe1 Qc6 26. exd6 Bxd6 27. Rxe8+ Rxe8 1-0

[Event "AUT-chT"]
[Site "Austria"]
[Date "1992.??.??"]
[Round "?"]
[White "Nagl, Franz"]
[Black "Wirius, Stefan"]
[Result "0-1"]
[WhiteElo "2235"]
[BlackElo "2250"]
[PlyCount "75"]
[EventDate "1992.??.??"]
[EventType "team"]
[EventRounds "11"]
[EventCountry "AUT"]
[SourceTitle "EXT 1997"]
[Source "ChessBase"]
[SourceDate "1996.11.15"]
[SourceVersion "1"]
[SourceVersionDate "1996.11.15"]
[SourceQuality "1"]

1. d4 Nf6 2. c4 g6 3. Nc3 Bg7 4. e4 d6 5. Be2 0-0 6. Bg5 c5 7. d5 h6 8. Be3 e6 9. Qd2 exd5 10. exd5 Kh7 11. h3 Re8 12. Bd3 b5 13. cxb5 Nbd7 14. Be2 Bb7 15. Nf3 Nb6 16. 0-0 Nfxd5 17. Nxd5 Nxd5 18. Rad1 Nxe3 19. fxe3 d5 20. Ne1 Qe7 21. Bf3 Rad8 22. Nd3 c4 23. Nf4 d4 24. Bxb7 dxe3 25. Qe2 Rxd1 26. Rxd1 Qxb7 27. Qxc4 Re4 28. Qf1 Qe7 29. Qf3 Bxb2 30. Ne2 Bg7 31. Rd3 Re5 32. a4 Re4 33. a5 f5 34. b6 axb6 35. axb6 Qb4 36. g4 Qb1+ 37. Kg2 Qxd3 38. gxf5 0-1

[Event "AUT-chT"]
[Site "Austria"]
[Date "1992.??.??"]
[Round "?"]
[White "Winiwarter, Felix"]
[Black "Wirius, Stefan"]
[Result "0-1"]
[WhiteElo "2285"]
[BlackElo "2250"]
[PlyCount "118"]
[EventDate "1992.??.??"]
[EventType "team"]
[EventRounds "11"]
[EventCountry "AUT"]
[SourceTitle "EXT 1997"]
[Source "ChessBase"]
[SourceDate "1996.11.15"]
[SourceVersion "1"]
[SourceVersionDate "1996.11.15"]
[SourceQuality "1"]

1. e4 c5 2. Nf3 d6 3. d4 cxd4 4. Nxd4 Nf6 5. Nc3 Nc6 6. Be2 e5 7. Nb3 Be7 8. 0-0 0-0 9. f4 a5 10. a4 Nb4 11. Be3 Be6 12. Kh1 exf4 13. Bxf4 Bxb3 14. cxb3 d5 15. e5 Ne4 16. Bf3 Bg5 17. Nxd5 Nxd5 18. Bxg5 Qxg5 19. Qxd5 Nd2 20. Rf2 Rfd8 21. Qb5 Qh4 22. Qe2 Nxb3 23. Raf1 Nd4 24. Qe4 Qxe4 25. Bxe4 Rd7 26. Rd2 Rad8 27. Rfd1 Kf8 28. Bf5 Rd5 29. Be4 Rxe5 30. Bxb7 Ke7 31. g3 Ne6 32. Kg2 Re2+ 33. Rxe2 Rxd1 34. Kf2 Kd6 35. Ke3 g6 36. Bf3 Nc5 37. Rc2 Rd3+ 38. Ke2 Rd4 39. b3 h5 40. Ke3 Rd3+ 41. Kf4 Rxb3 42. Rd2+ Rd3 43. Rxd3+ Nxd3+ 44. Kg5 Ke5 45. Bd1 Nc5 46. Bc2 Ne6+ 47. Kh6 Kf6 48. Be4 Nc5 49. Bc6 Nd3 50. Kh7 Ne5 51. Be8 Ng4 52. h3 Nf2 53. Kg8 Nxh3 54. Bxf7 Nf2 55. Bd5 g5 56. Kf8 h4 57. gxh4 gxh4 58. Ke8 Ke5 59. Bg2 Kd6 0-1

[Event "Kecskemet III-A"]
[Site "Kecskemet"]
[Date "1991.??.??"]
[Round "?"]
[White "Lazarev, Vladimir"]
[Black "Wirius, Stefan"]
[Result "1-0"]
[WhiteElo "2405"]
[BlackElo "2255"]
[PlyCount "58"]
[EventDate "1991.??.??"]
[EventType "tourn"]
[EventRounds "11"]
[EventCountry "HUN"]
[EventCategory "4"]
[SourceTitle "EXT 2002"]
[Source "ChessBase"]
[SourceDate "2001.11.25"]
[SourceVersion "1"]
[SourceVersionDate "2001.11.25"]
[SourceQuality "1"]

1. d4 c5 2. d5 e5 3. c4 d6 4. e4 Be7 5. Nf3 Nf6 6. Nc3 0-0 7. h3 Nbd7 8. g4 Ne8 9. Rg1 g6 10. Bd3 Ng7 11. Qe2 Kh8 12. Be3 Nf6 13. a3 Ng8 14. 0-0-0 Bd7 15. Kc2 Qe8 16. Ra1 f5 17. b4 b6 18. Rab1 Rb8 19. Rg2 Qf7 20. Ng5 Qe8 21. Bd2 Nf6 22. Rbg1 Rg8 23. f4 exf4 24. gxf5 gxf5 25. e5 f3 26. Nxf3 dxe5 27. Qxe5 cxb4 28. axb4 Qf7 29. Rxg7 Rxg7 1-0

[Event "AUT-chT"]
[Site "Austria"]
[Date "1991.??.??"]
[Round "?"]
[White "Petschar, Kurt"]
[Black "Wirius, Stefan"]
[Result "0-1"]
[WhiteElo "2285"]
[BlackElo "2255"]
[PlyCount "114"]
[EventDate "1991.??.??"]
[EventType "team"]
[EventRounds "13"]
[EventCountry "AUT"]
[SourceTitle "EXT 1997"]
[Source "ChessBase"]
[SourceDate "1996.11.15"]
[SourceVersion "1"]
[SourceVersionDate "1996.11.15"]
[SourceQuality "1"]

1. e4 c5 2. Nf3 d6 3. d4 cxd4 4. Nxd4 Nf6 5. Nc3 Nc6 6. Bc4 e6 7. Bb3 Be7 8. 0-0 0-0 9. f4 d5 10. e5 Nxd4 11. Qxd4 b6 12. Qd3 Ng4 13. Qg3 Nh6 14. Qd3 a5 15. a4 Ba6 16. Nb5 Nf5 17. c3 Bc5+ 18. Kh1 Qh4 19. Qf3 d4 20. Bd1 dxc3 21. bxc3 Rad8 22. Be2 Bb7 23. Qg4 Rd3 24. Qxh4 Nxh4 25. Rg1 Rh3 26. Bg4 Rd3 27. Be2 Bxg1 28. Bxd3 Bc5 29. Bf1 Rd8 30. Nd6 Bxd6 31. exd6 Rxd6 32. Be3 Nf5 33. Bf2 Be4 34. Be2 Bc2 35. Bb5 h6 36. Rc1 Be4 37. Kg1 Ne7 38. c4 Ng6 39. g3 e5 40. Re1 f5 41. Be3 exf4 42. gxf4 Nh4 43. Re2 Nf3+ 44. Kf2 Nxh2 45. Rd2 Rg6 46. Rd8+ Kh7 47. Ke1 h5 48. Be8 Rh6 49. Bf7 Ng4 50. Bg8+ Kg6 51. Rd6+ Nf6 52. Bxb6 h4 53. Bg1 Kh5 54. Be6 Kg4 55. c5 Kg3 56. Rd2 Ng4 57. Bd7 h3 0-1